LEADER 02830nam 2200661Ia 450 001 9910785554703321 005 20230809214742.0 010 $a1-4571-8462-1 010 $a9786613854728 010 $a0-87421-875-6 010 $a1-283-54227-7 035 $a(CKB)2670000000234194 035 $a(EBL)990957 035 $a(OCoLC)821726232 035 $a(SSID)ssj0000701727 035 $a(PQKBManifestationID)11427853 035 $a(PQKBTitleCode)TC0000701727 035 $a(PQKBWorkID)10675078 035 $a(PQKB)10711124 035 $a(OCoLC)808375865 035 $a(MdBmJHUP)muse17620 035 $a(Au-PeEL)EBL3442889 035 $a(CaPaEBR)ebr10591007 035 $a(CaONFJC)MIL385472 035 $a(OCoLC)932313564 035 $a(Au-PeEL)EBL990957 035 $a(MiAaPQ)EBC3442889 035 $a(MiAaPQ)EBC990957 035 $a(EXLCZ)992670000000234194 100 $a20120423d2012 ub 0 101 0 $aeng 135 $aur|||||||nn|n 181 $ctxt 182 $cc 183 $acr 200 10$aPlural wife$b[electronic resource] $ethe life story of Mabel Finlayson Allred /$fedited by Martha Evans Bradley 210 $aLogan $cUtah State University Press$dc2012 215 $a1 online resource (200 p.) 225 1 $aLife Writings Frontier Women ;$vv.13 225 0$aLife writings of frontier women ;$vv. 13 300 $aDescription based upon print version of record. 311 $a0-87421-874-8 327 $aTable of Contents; Illustrations; Introduction - Martha Bradley-Evans; Preface - Mabel Finlayson Allred; My Life Story - Mabel Finlayson Allred; Postlude: Dedication to their parents - The Allred children; "My Darling Mabel": Letters and poetry - From Rulon C. Allred to Mabel Allred 330 $aMabel Finlayson Allred was a wife of Rulon Allred, leader of the Apostolic United Brethren, one of the major groups of fundamentalist Mormons who, since about the 1930's, have practiced plural marriage as separatists from the mainstream Latter-day Saints Church. Mabel's autobiography maintains a mood of everyday normalcy strikingly in contrast with the stress of the ostracized life she was living. Her cheerful tone, expressive of her wish to live simply and gracefully in this world, is tempered by more somber descriptions of her personal struggle with clinical depression, of Rulon 410 0$aLife Writings Frontier Women 606 $aLatter Day Saint fundamentalism 615 0$aLatter Day Saint fundamentalism. 676 $a289.3092 676 $aB 700 $aAllred$b Mabel Finlayson$f1919-2005.$01507096 701 $aBradley$b Martha Evans$01507097 801 0$bMiAaPQ 801 1$bMiAaPQ 801 2$bMiAaPQ 906 $aBOOK 912 $a9910785554703321 996 $aPlural wife$93737566 997 $aUNINA LEADER 02121nas 2200673-a 450 001 996215986703316 005 20230518213020.0 011 $a1572-9737 035 $a(DE-599)ZDB2015081-7 035 $a(OCoLC)45191300 035 $a(CKB)110974993510299 035 $a(CONSER)--2004233376 035 $a(EXLCZ)99110974993510299 100 $a20001018a20009999 s-- a 101 0 $aeng 135 $aurmnu|||||||| 181 $ctxt$2rdacontent 182 $cc$2rdamedia 183 $acr$2rdacarrier 200 10$aConservation genetics 210 $a[Dordrecht] $cKluwer Academic Publishers$dİ2000- 210 3 $a[Dordrecht] $cSpringer Netherlands 300 $aRefereed/Peer-reviewed 300 $aTitle from contents screen (publisher's Web site, viewed Mar. 4, 2004). 311 $a1566-0621 531 $aCONSERV GENET 531 $aCONSERV. GENET 606 $aConservation biology$vPeriodicals 606 $aEcological genetics$vPeriodicals 606 $aBiodiversity$vPeriodicals 606 $aPopulation genetics$vPeriodicals 606 $aNature conservation$vPeriodicals 606 $aBiodiversity$2fast$3(OCoLC)fst01429860 606 $aConservation biology$2fast$3(OCoLC)fst00875490 606 $aEcological genetics$2fast$3(OCoLC)fst00901452 606 $aNature conservation$2fast$3(OCoLC)fst01034632 606 $aPopulation genetics$2fast$3(OCoLC)fst01071583 606 $aGenetica$2gtt 606 $aBedreigde soorten$2gtt 608 $aPeriodicals.$2fast 608 $aPeriodicals.$2lcgft 610 $aEcology 615 0$aConservation biology 615 0$aEcological genetics 615 0$aBiodiversity 615 0$aPopulation genetics 615 0$aNature conservation 615 7$aBiodiversity. 615 7$aConservation biology. 615 7$aEcological genetics. 615 7$aNature conservation. 615 7$aPopulation genetics. 615 17$aGenetica. 615 17$aBedreigde soorten. 676 $a639.9 906 $aJOURNAL 912 $a996215986703316 996 $aConservation genetics$91428618 997 $aUNISA